| 000 | 00478nam a2200181Ia 4500 | ||
|---|---|---|---|
| 008 | 230718s9999 xx 000 0 und d | ||
| 041 | _aeng | ||
| 082 |
_a537 _bPUR |
||
| 100 | _aPurcell E. M. | ||
| 245 |
_aElectricity And Magnetism _bBerkely Physics Course |
||
| 250 | _a2nd ed. | ||
| 260 | _bTata Mc-graw Hill Pub. | ||
| 300 |
_a484 _dRef 324 G (30003) |
||
| 365 |
_cRs. _b350.00 |
||
| 500 | _a324 GEN | ||
| 700 | _aPurcell E. M. | ||
| 906 |
_dB:467303-Jun-2008 _cPHY _b70 |
||
| 999 |
_c318796 _d318796 |
||